000 00482nam a2200205Ia 4500
003 GCL
005 20240530100257.0
008 140319s9999 xx 000 0 eng d
040 _aGCL /
_cGCL
082 0 4 _a782.265
_bR N
100 1 _aREED, W.L
245 1 0 _aNATIONAL ANTHEMS OF THE WORLD /
_cREED, W.L
260 _a[S.N] :
_bCASSELL ،
_c1997
300 _a607 P
650 0 4 _aARTS
650 0 4 _aMUSIC
650 0 4 _aANTHEMS
700 1 _aBRISTAW, M.J
942 _2ddc
_cBK
999 _c15958
_d15958